Представление документа в формате MARC21

Поле Инд. ПП Название Значение
Тип записи a
Библиографический уровень m
001 Контрольный номер bf2eaaca-e80b-4cf7-a1dd-9935fbb5f8ba
005 Дата корректировки 20140703133919.9
008 Кодируемые данные 050211
020 c Цена, тираж б/ц
040 a Служба первич. каталог. НБ ТвГУ
041 a Код языка текста rus
080 a Индекс УДК 811.111'38:311(043.3)
084 a Индекс другой классификации/Индекс ББК Ш143.21-7в6я031
090 x Авторский знак Г68
a Полочн. индекс Ш143.21
100 1_ a Автор Горевая В. С.
245 10 a Заглавие Опыт статистического описания функционально-стилевых подразделений современного английского языка
b Продолж. заглавия автореф. дис. ... канд. филол. наук : 663
c Ответственность Калинин. гос. пед. ин-т, Каф. англ. яз.
260 0_ a Место издания Калинин
c Дата издания 1969
b Издательство КГПИ
300 a Объем 18, [2] с.
b Иллюстрации/ тип воспроизводства табл.
500 a Примечание На правах рукоп.
504 a Библиография Библиогр. в конце кн. и в подстроч. примеч.
583 a Действие Получение впервые 28 09.02.2005
650 a Основная рубрика Английский язык
x Основная подрубрика Стилистика
x Основная подрубрика Статистические методы исследования
653 a Ключевые слова Английский язык
a Ключевые слова Стилистика английского языка
a Ключевые слова Функциональные стили
a Ключевые слова Статистические методы исследования стиля
a Ключевые слова Авторефераты
852 t Порядковый номер экземпляра 4
p Инвентарный номер б/н
888 a Бесплатные
930 a Новая/Ретро авторефераты
952 p 28.2005 б/ц 4 б/н
c Вид литературы А/Р н
954 a Дата поступления на обработку 20050519
999 a Подразделение 2 ч.з.